| 000 | 00652nam a2200193 i 4500 | ||
|---|---|---|---|
| 001 | 185823 | ||
| 003 | SpMaBN | ||
| 005 | 20230906222527.0 | ||
| 008 | 160812s1980 sp c |||| |aspa d | ||
| 020 | _a84-85348-07-9 | ||
| 080 | _a1 Nietzsche, Friedrich | ||
| 100 | 1 |
_aNietzsche, Friedrich, _d1844-1900 _985718 |
|
| 245 | 1 | 0 |
_aMi hermana y yo / _cFriedrich Nietzsche ; [traducido por Bella M. Albelia, Fernando Alonso]. |
| 260 |
_aBarcelona : _bHacer, _c[1980] |
||
| 300 |
_a299 p. : _b1 retr. ; _c20 cm. |
||
| 600 | 1 | 4 |
_aNietzsche, Friedrich, _d1844-1900 _985718 |
| 852 |
_aES-MaACL _jL-30540 _z. - Donat. Miguel A. Velasco |
||
| 999 |
_c185823 _d185823 |
||